| 000 | 04101nam a2200445 a 4500 | ||
|---|---|---|---|
| 005 | 20091212120655.0 | ||
| 008 | 060711r20081994mnua j 000 1 eng | ||
| 010 | _aB-384446-461 | ||
| 020 |
_a9781595663054 (set) _c110.00 |
||
| 020 |
_a9781595663122 _c110.00 |
||
| 035 | _aB-384446-461 | ||
| 037 | _bBlueberry | ||
| 040 |
_adpl _bEnglish |
||
| 082 | _a599.756 | ||
| 100 | _aMorgan, Sally | ||
| 245 |
_aAnimal lives tigers / _cby Sally Morgan ; edited by Christine Harvey |
||
| 260 |
_bQEB Publishing _c2004 |
||
| 270 | _a23062 La Cadena Drive, Laguna Hills | ||
| 300 |
_a32p. _c26cm(pbk) _bcol. ill |
||
| 500 | _aIncludes glossary and index | ||
| 700 | _aHarvey , Christine | ||
| 942 |
_2ddc _cCH _mMOR _h599.756 |
||
| 999 |
_c32636 _d32636 |
||